000 01329nam a2200385 4500
999 _c24182
_d24182
001 vtls012251386
005 20260506101911.0
008 240226s2023 xo gr 000 fdslo
020 _a9788055190570
_q(viazané)
040 _aSNK
_bslo
_cSNK
_erda
041 1 _aslo
_heng
044 _axo
_cSK
072 7 _a821.111(73)-3
_xAmerická próza
_2konspekt
080 _a821.111(73)-31
_22011
080 _a(0:82-312.4)
_22011
100 1 _aClark, Julie,
_d1971-
_4aut
_95517
240 1 4 _aThe lies i tell
_lSlovensky
245 1 0 _aPavučina klamstiev
_cJulie Clark ; preložila Zdenka Buntová
264 1 _aBratislava
_bIkar
_c2023
300 _a335 strán
_c21 cm
336 _atext
_btxt
_2rdacontent
337 _abez média
_bn
_2rdamedia
338 _azväzok
_bnc
_2rdacarrier
500 _aNa obálke hore uvedené: Dve ženy a celý rad falošných mien
500 _aObsahuje stručné profesijné údaje o autorke na zadnej strane obálky publikácie
500 _aPreložené z angličtiny
655 7 _aamerické romány
_2SNKPH
_92
655 7 _aAmerican novels
_2SNKPHeng
_91670
655 7 _atrilery (romány)
_2SNKPH
_92135
655 7 _aThrillers (novels)
_2SNKPHeng
_91722
700 1 _aBuntová, Zdenka,
_d1951-
_4trl
_92894
958 _aLX
958 _aUP